Creación de Base de datos sobre turismo rural comunitario y voluntario en Costa Rica en Horizontes Nature Tours (Registro nro. 8562)
[ vista simple ]
| 000 -LEADER | |
|---|---|
| fixed length control field | 00516nmm a22001697a 4500 |
| 005 - DATE AND TIME OF LATEST TRANSACTION | |
| control field | 20161101155348.0 |
| 008 - FIXED-LENGTH DATA ELEMENTS--GENERAL INFORMATION | |
| fixed length control field | 161101b xxu||||| |||| 00| 0 spa d |
| 041 ## - LANGUAGE CODE | |
| Language code of text/sound track or separate title | spa |
| 082 ## - DEWEY DECIMAL CLASSIFICATION NUMBER | |
| Classification number | TU 8 |
| 100 ## - MAIN ENTRY--AUTHOR NAME | |
| Personal name | Picado Vargas, Nazaria |
| 245 ## - TITLE STATEMENT | |
| Title | Creación de Base de datos sobre turismo rural comunitario y voluntario en Costa Rica en Horizontes Nature Tours |
| 260 ## - PUBLICATION, DISTRIBUTION, ETC. (IMPRINT) | |
| Year of publication | Costa Rica |
| 650 ## - SUBJECT ADDED ENTRY--TOPICAL TERM | |
| Topical Term | COSTA RICA |
| 650 ## - SUBJECT ADDED ENTRY--TOPICAL TERM | |
| Topical Term | TURISMO RURAL COMUNITARIO |
| 650 ## - SUBJECT ADDED ENTRY--TOPICAL TERM | |
| Topical Term | BASE DE DATOS |
| 942 ## - ADDED ENTRY ELEMENTS (KOHA) | |
| Tipo de ítem | Informe de Práctica |
| Withdrawn status | Estado | Estado físico | Not for loan | Total Checkouts | Clasificación | Número de inscripción | Date last seen | Price effective from | Tipo de ítem |
|---|---|---|---|---|---|---|---|---|---|
| TU 8 | TU8 | 01/11/2016 | 01/11/2016 | Informe de Práctica |